| 000 | 00692nam a22002177a 4500 | ||
|---|---|---|---|
| 005 | 20140814112237.0 | ||
| 010 | _aB-496835-847 ENG-110416 | ||
| 020 |
_a9789381753484 _c135.00 |
||
| 035 | _aB-496835-847 | ||
| 035 | _aEN-93948 | ||
| 037 | _bUBH/Ven | ||
| 037 | _bDBAD/PUB | ||
| 082 | _aN | ||
| 100 | _aStovall, Jim | ||
| 245 |
_aThe ultimate gift : _ba novel / _cby Jim Stovall |
||
| 260 |
_aNew Delhi _bMaanu Graphics _c(201?) |
||
| 270 |
_a5FF, Ganpati Bhawan, 21 Ansari Road, Darya Ganj, _bNew Delhi _e110002 |
||
| 300 |
_a158p. : _bill. _c22cm(pbk) |
||
| 942 |
_2ddc _cEN _mSTO _hN |
||
| 999 |
_c74166 _d74166 |
||